000 00653ntaaa2200205 4500
003 01
005 20251027203017.0
008 0714s1973 ag 01
040 _aAR-BaBN
_bspa
_cAR-BaBN
_eaacr
_dRIC
082 _a463.6900 W64
100 _aWildik, Vizconde de
_931198
245 _aNuevo diccionario portugués-español y español-portugués
250 _a1 ed.
260 _as.l. :
_bGarnier Hermanos,
_cs.f.
300 _a2 tomos
500 _aT.1 hespanhol-portuguez e portuguez-hespanhol. T.2 portugués-español y español-portugués
650 _adiccionario portuguéz-español
_931199
650 _aportgugués-español
_931200
942 _cBK
999 _c25545
_d25545